00507nas a22001697a 4500008004100000245002900041260007600070300000900146440001500155546001400170590003300184590002700217650001500244856005100259942001200310999001500322130423t20079999ag ||||| |||| 00| 0 spa d aColeccion Temas Maestros aBuenos Aires,bSociedad Iberoamericana de Informacion Cientifica:c2007 av. : aAsma92041 aespañol aIndizada en: SIIC Data Bases aExistencias: 2007 1(1) aASMA91732 uhttp://www.siicsalud.com/lmr/siicdatabases.php 2ddccCR c1331d1331